| 000 | 02182cam a22003257a 4500 | ||
|---|---|---|---|
| 001 | 4191 | ||
| 003 | FISKH | ||
| 005 | 20240626134038.0 | ||
| 008 | 031121s2003 oncab j 001 0 eng | ||
| 010 | _a 2003283604 | ||
| 016 | _a20029052726 | ||
| 020 | _a1552977250 (pbk.) | ||
| 020 | _a9781552977255 | ||
| 020 | _a1552977277 (bound) | ||
| 035 | _a(OCoLC)ocm50898507 | ||
| 040 |
_aNLC _beng _cNLC _dOCLCQ _dMUS _dDLC |
||
| 042 | _alccopycat | ||
| 050 | _aQH367.1 | ||
| 082 | _a576.8 | ||
| 100 | 1 | _aPye, Claire. | |
| 245 | 1 | 4 |
_aThe wild world of the future / _cClaire Pye |
| 260 |
_aToronto : _bFirefly Books, _c2003. |
||
| 300 |
_a96 pages : _bcolor illustrations ; map ; _c28 cm |
||
| 520 | _aThe companion book to the television series The Future is Wild! If dinosaurs roamed the earth millions of years ago, what creatures will be around in the next 5 million years? 100 million years? 200 million years? A team of international scientists, documentary film makers and animators are imagining the future based on present-day science. Their vision of the future comes alive in a 7-part television series and The Wild World of the Future, a fascinating introduction to evolution, geology and biology. It clearly explains how the amazing creatures of the future will evolve and what our planet may look like millions of years from now. The Wild World of the Future: Profiles 36 amazing creatures including the bumblebeetle, scrofa, poggle and sharkopath Explains how the Earth changes, how it may change in the future and what habitats will develop Describes past evolution and adaptation such as how the Cactus finch evolved on the Galápagos Islands Shows future evolution in action-how a snail becomes a desert hopper Invites kids to imagine their own future with a behind-the-scenes look at the science of the show and tips for creating their own creatures Features 200 color photographs and illustrations, a glossary and index | ||
| 650 | 0 |
_aEvolution (Biology) _xForecasting _vJuvenile literature. |
|
| 650 | 0 |
_aAnimal diversity _xForecasting _vJuvenile literature. |
|
| 906 |
_a7 _bcbc _ccopycat _d2 _encip _f20 _gy-gencatlg |
||
| 942 |
_2ddc _cBK _n0 |
||
| 999 |
_c4191 _d4191 |
||